NHBC standards 2016 (Record no. 115728)

MARC details
000 -LEADER
fixed length control field 01126cam a22002175a 4500
001 - CONTROL NUMBER
control field L159188
008 - FIXED-LENGTH DATA ELEMENTS--GENERAL INFORMATION
fixed length control field 110208s2016 xxk f 001 0 eng d
035 ## - SYSTEM CONTROL NUMBER
System control number (Sirsi) u159188
041 0# - LANGUAGE CODE
Language code of text/sound track or separate title eng
050 04 - LIBRARY OF CONGRESS CALL NUMBER
Classification number 692.3 $2 18
110 2# - MAIN ENTRY--CORPORATE NAME
Corporate name or jurisdiction name as entry element National House-Building Council
245 00 - TITLE STATEMENT
Title NHBC standards 2016
Remainder of title effective from 1 January 2016
Medium [electronic resource]
260 ## - PUBLICATION, DISTRIBUTION, ETC.
Place of publication, distribution, etc. [Milton Keynes]
Name of publisher, distributor, etc. NHBC
Date of publication, distribution, etc. 2016
505 2# - FORMATTED CONTENTS NOTE
Formatted contents note What's new in standards -- Introduction to the standards and technical requirements -- General -- Foundations -- Substructure, ground floors, drainage and basements -- Superstructure (excluding roofs) -- Roofs -- Services -- Finishes -- External works
520 ## - SUMMARY, ETC.
Summary, etc. Details building standards; technical requirements that must be met by the builder; performance standards for design, materials and sitework and guidance on how the performance standards may be met.
521 ## - TARGET AUDIENCE NOTE
Target audience note Expert
651 #4 - SUBJECT ADDED ENTRY--GEOGRAPHIC NAME
Geographic name United Kingdom
690 ## - LOCAL SUBJECT ADDED ENTRY--TOPICAL TERM (OCLC, RLIN)
Topical term or geographic name as entry element BUILT ENVIRONMENT-BUILDING STANDARDS
856 40 - ELECTRONIC LOCATION AND ACCESS
Uniform Resource Identifier <a href="https://www.nhbc.co.uk/Builders/ProductsandServices/Standardsplus2016/">https://www.nhbc.co.uk/Builders/ProductsandServices/Standardsplus2016/</a>
Public note Broken link at www.nhbc.co.uk...
942 ## - ADDED ENTRY ELEMENTS (KOHA)
Suppress in OPAC 0
Source of classification or shelving scheme Dewey Decimal Classification
Holdings
Withdrawn status Lost status Source of classification or shelving scheme Damaged status Not for loan Home library Current library Shelving location Date acquired Total Checkouts Full call number Barcode Date last seen Copy number Price effective from Koha item type
    Dewey Decimal Classification     Virtual Virtual Missing 11/03/2016   ONLINE PUBLICATION 159188-2001 06/08/2019 1 06/08/2019 Book